000 00909nam a2200193 i 4500
001 184828
003 ES-MaACL
005 20250811091924.0
008 160203s1964 sp |||| | spa d
245 0 3 _aLa Agricultura y el desarrollo económico y regional.
260 _aMadrid :
_b[Servicio Nacional de Concentración Parcelaria y Ordenación Rural],
_c1964 (
_fGráf. E. Casado)
300 _a106 p., 6 h. graf. pleg. :
_bil. ;
_c24 cm.
490 1 _aMinisterio de Agricultura. Servicio Nacional de Concentración Parcelaria y Ordenación Rural. Serie Monográfica ;
_v12
650 0 4 _aAgricultura-
_zEspaña.
_99680
710 0 _aEspaña.
_bServicio Nacional de Concentración Parcelaria y Ordenación Rural.
_93982
830 0 0 _aMinisterio de Agricultura.
_pServicio Nacional de Concentración Parcelaria y Ordenación Rural
_v12
_9225138
852 _aES-MaACL
_jC-26255
999 _c184828
_d184828